<?xml version="1.0" encoding="UTF-8"?>
<collection xmlns="http://www.loc.gov/MARC21/slim">
 <record>
  <leader>00731pamaa2200193   4500</leader>
  <controlfield tag="001">0000024251</controlfield>
  <controlfield tag="005">20060523090000.0</controlfield>
  <datafield tag="020" ind1="0" ind2="0">
   <subfield code="a">0930350421 </subfield>
  </datafield>
  <datafield tag="082" ind1=" " ind2=" ">
   <subfield code="a">941.508 LEV 1983</subfield>
  </datafield>
  <datafield tag="090" ind1="0" ind2="0">
   <subfield code="a">DA965.S53 </subfield>
   <subfield code="b">LEV 1983</subfield>
  </datafield>
  <datafield tag="100" ind1="1" ind2="0">
   <subfield code="a">LEVENSON </subfield>
  </datafield>
  <datafield tag="245" ind1="1" ind2="0">
   <subfield code="a">With wooden sword : </subfield>
   <subfield code="b">a portrait of Francis Sheehy- Skeffington, Militant Pacifist  </subfield>
   <subfield code="c">Leah Levenson.</subfield>
  </datafield>
  <datafield tag="260" ind1="0" ind2="0">
   <subfield code="a">Boston: </subfield>
   <subfield code="b">Northeastern University Press, </subfield>
   <subfield code="c">1983.</subfield>
  </datafield>
  <datafield tag="300" ind1=" " ind2=" ">
   <subfield code="a">270p.; </subfield>
   <subfield code="c">23cm.</subfield>
  </datafield>
  <datafield tag="650" ind1="0" ind2="0">
   <subfield code="a">Sheehy-Skeffington -- </subfield>
   <subfield code="y">1878-1916 -- </subfield>
   <subfield code="z">Francis </subfield>
  </datafield>
  <datafield tag="650" ind1="0" ind2="0">
   <subfield code="a">Ireland -- </subfield>
   <subfield code="x">Politics and government -- </subfield>
   <subfield code="y">1901-1910 </subfield>
  </datafield>
  <datafield tag="650" ind1="0" ind2="0">
   <subfield code="a">Ireland -- </subfield>
   <subfield code="x">Politics and government -- </subfield>
   <subfield code="y">1910-1921 </subfield>
  </datafield>
  <datafield tag="650" ind1="0" ind2="0">
   <subfield code="a">Pacifists -- </subfield>
   <subfield code="x">Biography -- </subfield>
   <subfield code="z">Ireland </subfield>
  </datafield>
  <datafield tag="650" ind1="0" ind2="0">
   <subfield code="a">Intellectuals -- </subfield>
   <subfield code="x">Biography -- </subfield>
   <subfield code="z">Ireland </subfield>
  </datafield>
 </record>
</collection>
